000 00334nam a22001337a 4500
020 _a9780671007539
040 _cNUST
082 _a823-CH KEE
100 _aKeene, Carolyn
_9110166
245 _aMystery On Maui Nancy Drew No143
260 _aNew York:
_bAladdin Paperbacks,
_c2002.
650 _aEnglish Fiction
942 _2ddc
_cBK
999 _c593629
_d593629